000 01053nam a2200253Ia 4500
003 OSt
005 20200820153850.0
008 191128s1993 ck gr 000 0 spa d
040 _aCo-JMCR
_cCo-JMCR
041 0 _aspa
082 0 4 _a368.4004 /
_bL864a
_223
100 1 _aLopéz Montaño, Cecilia,
_eautora
_94241
245 1 0 _aAnálisis de las alternativas para una reforma pensional en Colombia /
_cCecilia López Montaño, Juan Carlos Ramírez, Carlos Cuartas Nieto, [Y otros 3]
250 _aPrimera edición
260 _aBogotá :
_bTercer Mundo,
_c1993.
300 _a179 páginas ;
_c21 cm.
504 _aBibliografía : páginas 163-172.
505 0 _aResumen ejecutivo -- Análisis del diagnóstico y las motivaciones que sustentan el proyecto de ley 155 -- Descripción y análisis comparativo del modelos propuesto en el proyecto de ley 155
650 2 4 _aSeguridad social
_96217
650 2 4 _aPensiones
_99042
700 1 _aRamírez, Juan Carlos,
_e autor
_99043
700 1 _a Cuartas Nieto, Carlos,
_eautor
_99044
942 _2ddc
_cBK
999 _c6041
_d6041